| 000 | 00457nam a22002057a 4500 | ||
|---|---|---|---|
| 001 | 21548 | ||
| 005 | 20260312103308.0 | ||
| 008 | 260312b |||||||| |||| 00| 0 spa d | ||
| 041 | _aESP | ||
| 082 |
_a720.1 _bZ93 |
||
| 100 | _aZumthor, Peter | ||
| 245 | _aPensar la arquitectura | ||
| 260 |
_a : _b , _c2016 |
||
| 300 |
_a111 páginas; _b ; _c24 cm. |
||
| 440 | _a ; | ||
| 650 | _aADE | ||
| 654 | _aCAU | ||
| 700 | _a; | ||
| 942 |
_cLIB _dJUS _fJUS _2ddc |
||
| 999 |
_c21548 _d21548 |
||